header

The crisis of social democratic trade unionism in Western Europe (Record no. 21245)

MARC details
000 -LEADER
fixed length control field 01524nam a2200349Ia 4500
100 1# - MAIN ENTRY--AUTHOR NAME
Personal name Upchurch, Martin,
245 14 - TITLE STATEMENT
Title The crisis of social democratic trade unionism in Western Europe
260 ## - PUBLICATION, DISTRIBUTION, ETC. (IMPRINT)
Place of publication Farnham, Surrey, England ;
-- Burlington, VT :
Name of publisher Ashgate,
Year of publication c2009.
300 ## - PHYSICAL DESCRIPTION
Number of Pages xvii, 226 p. :
Other physical details ill.
490 1# - SERIES STATEMENT
Series statement Contemporary employment relations
650 #0 - SUBJECT ADDED ENTRY--TOPICAL TERM
Topical Term Labor unions
Topical Term Labor unions and socialism
700 1# - ADDED ENTRY--PERSONAL NAME
Personal name Taylor, Graham
Personal name Mathers, Andy,
856 40 - ELECTRONIC LOCATION AND ACCESS
Uniform Resource Identifier http://site.ebrary.com/lib/rucke/Doc?id=10273826

No items available.

© 2026 Rongo University
Contact us: librarian | system librarian | Rongo university